RANCANGAN MALAYSIA KE DUA BELAS : PROJEK PENILAIAN POTENSI SUMBER UNSUR NADIR BUMI : PENILAIAN POTENSI SUMBER UNSUR NADIR BUMI (REE) DI KG. PERADONG, JELEBU, NEGERI SEMBILAN / Oleh : NORAN NABILLA BINTI NOR AZLAN, NORSHAM BINTI SAMSUDIN, ABDUL HADI BIN ABDUL RAHMAN (Record no. 27216)

000 -LEADER
fixed length control field 00788nam a22001457a 4500
008 - FIXED-LENGTH DATA ELEMENTS--GENERAL INFORMATION
fixed length control field 260422b ||||| |||| 00| 0 eng d
082 04 - DEWEY DECIMAL CLASSIFICATION NUMBER
Classification number 553.8
100 00 - MAIN ENTRY--PERSONAL NAME
Personal name Noran Nabilla Nor Azlan
245 10 - TITLE STATEMENT
Title RANCANGAN MALAYSIA KE DUA BELAS : PROJEK PENILAIAN POTENSI SUMBER UNSUR NADIR BUMI : PENILAIAN POTENSI SUMBER UNSUR NADIR BUMI (REE) DI KG. PERADONG, JELEBU, NEGERI SEMBILAN / Oleh : NORAN NABILLA BINTI NOR AZLAN, NORSHAM BINTI SAMSUDIN, ABDUL HADI BIN ABDUL RAHMAN
250 ## - EDITION STATEMENT
Edition statement NO. LAPORAN : JMG.NSM (REE) 1/2022
260 ## - PUBLICATION, DISTRIBUTION, ETC.
Place of publication, distribution, etc. Seremban, Negeri Sembilan :
Name of publisher, distributor, etc. Jabatan Mineral dan Geosains Malaysia, Negeri Sembilan/Melaka,
Date of publication, distribution, etc. 2022
300 ## - PHYSICAL DESCRIPTION
Extent 72 pages :
Other physical details some colour illustrations ;
Dimensions 30 cm
650 1# - SUBJECT ADDED ENTRY--TOPICAL TERM
General subdivision Rare earth elements
Geographic subdivision Malaysia
-- Jelebu
942 ## - ADDED ENTRY ELEMENTS (KOHA)
Source of classification or shelving scheme
Edition 23
Classification part 553.8
Holdings
Withdrawn status Lost status Source of classification or shelving scheme Damaged status Not for loan Collection code Permanent Location Current Location Date acquired Total Checkouts Full call number Date last seen Price effective from Koha item type
Available         Open Shelf JMG IBUPEJABAT JMG IBUPEJABAT 22/04/2026   553.8 NOR 22/04/2026 22/04/2026 Reports